000 00346pab a2200157 454500
008 180718b2007 xxu||||| |||| 00| 0 eng d
100 _aSaumitra Mohan
245 _aEconomy: lessons from Singur
260 _c2007
300 _ap.54-55.
362 _aMay
650 _aAgricultural land
773 _aYojana
908 _aN
909 _a73797
999 _c73797
_d73797